Central Library OPAC University of Rajshahi

Musical instruments / (Record no. 16289)

MARC details
000 -LEADER
fixed length control field 00824nam a2200289 4500
001 - CONTROL NUMBER
control field 16289
003 - CONTROL NUMBER IDENTIFIER
rucl marc code BD-RjUL
005 - DATE AND TIME OF LATEST TRANSACTION
control field 20211209000006.0
008 - FIXED-LENGTH DATA ELEMENTS--GENERAL INFORMATION
fixed length control field 140213r19701968enkacg j b 001 0 eng
020 ## - INTERNATIONAL STANDARD BOOK NUMBER
International Standard Book Number 0713601132
035 ## - SYSTEM CONTROL NUMBER
System control number (BD-RjUL)16344
040 ## - CATALOGING SOURCE
Original cataloging agency DLC
Transcribing agency DLC
Modifying agency DLC
-- BD-RjUL
Language of cataloging eng
041 ## - LANGUAGE CODE
Language code of text/sound track or separate title eng
082 00 - DEWEY DECIMAL CLASSIFICATION NUMBER
Classification number 781
Author mark and year DAM 1970
100 1# - MAIN ENTRY--PERSONAL NAME
Personal name Darlow, Denys.
9 (RLIN) 50365
245 10 - TITLE STATEMENT
Title Musical instruments /
Statement of responsibility, etc. Denys Darlow.
250 ## - EDITION STATEMENT
Edition statement 2nd ed.
260 ## - PUBLICATION, DISTRIBUTION, ETC. (IMPRINT)
Place of publication, distribution, etc. London :
Name of publisher, distributor, etc. Black,
Date of publication, distribution, etc. c1968 [Reprinted 1970].
300 ## - PHYSICAL DESCRIPTION
Pagination 80 p. :
Illustrations ill., music, ports. ;
Size 25 cm.
350 ## - PRICE (NR) (BK AM CF MU VM SE) [OBSOLETE]
Price 12/6
490 0# - SERIES STATEMENT
Series statement Black's junior reference books, 12
504 ## - BIBLIOGRAPHY, ETC. NOTE
Bibliography, etc Bibliography: p. 79. and index.
650 #0 - SUBJECT ADDED ENTRY--TOPICAL TERM
Topical term or geographic name as entry element Musical instruments
General subdivision Juvenile literature.
9 (RLIN) 50366
942 ## - ADDED ENTRY ELEMENTS (KOHA)
Source of classification or shelving scheme Dewey Decimal Classification
Koha item type Books
Holdings
Lost status Source of classification or shelving scheme Damaged status Not for loan Collection code Permanent Location Current Location Shelving location Date acquired Source of acquisition Cost, normal purchase price Total Checkouts Full call number Date last seen Copy number Koha item type
  Dewey Decimal Classification   Not For Loan Non-fiction Central Library, University of Rajshahi Central Library, University of Rajshahi Reading Room 07/06/1973 Book centre,Dacca. 15.40   781 DAM 1970 13/02/2014 C-1 Books